000 00358nam a22001457a 4500
003 MACL
005 20151101121707.0
008 151101b xxu||||| |||| 00| 0 eng d
040 _cMACL
041 _aEnglish
100 _aArihant
_917260
245 _aPathfinder CDS Entrance Examination
260 _aMeerut
_bArihant Publications
_c2014
942 _2ddc
_cBK
999 _c50481
_d50481